Hatsune Miku characters! - Statistics

General Stats
  • This quiz has been taken 451 times
  • The average score is 7 of 10
Answer Stats
Hint Answer % Correct
Blonde hair, wears mic, and is female Rin
90%
Blonde hair, wears mic, and is male Len
89%
Long blue hair, mainly wears in two ponytails Hatsune
83%
Long pink hair, mainly wears down and has a soft voice Luka
81%
short blue hair, is male, and wears long scarf Kaito
79%
short brown hair, wears red a lot Meiko
76%
Short green hair and wears goggles Gumi
73%
Short hot pink hair Teto
46%
long purple hair, wears robe a lot, and is male Gakupo
37%
long white hair, is female Yowane
11%
No matching quizzes found
Score Distribution
Percent of People with Each Score
Percentile by Number Answered
Your Score History
You have not taken this quiz